Palm oil clinker as a novel bio-filler in intumescent fire protective coatings for steel /
محفوظ في:
| المؤلف الرئيسي: | |
|---|---|
| التنسيق: | أطروحة كتاب |
| اللغة: | English |
| منشور في: |
2018.
|
| الموضوعات: | |
| الوصول للمادة أونلاين: | http://studentsrepo.um.edu.my/9140/ |
| الوسوم: |
إضافة وسم
لا توجد وسوم, كن أول من يضع وسما على هذه التسجيلة!
|
| LEADER | 01537cam a2200373 i 4500 | ||
|---|---|---|---|
| 001 | u1092251 | ||
| 003 | SIRSI | ||
| 005 | 201808150855 | ||
| 008 | 180815s2018 my a m 000 0 eng | ||
| 040 | |a UMM |d UMJ |e rda | ||
| 090 | |a TA7 |b UM 2018 Sitasm | ||
| 097 | |a TA145 |b UM 2018 Sitasm | ||
| 100 | 0 | |a Siti Aisyah Syaerah Mustapa, |e author. | |
| 245 | 1 | 0 | |a Palm oil clinker as a novel bio-filler in intumescent fire protective coatings for steel / |c Siti Aisyah Syaerah Mustapa. |
| 264 | 4 | |c 2018. | |
| 300 | |a xvii, 118 leaves : |b illustrations ; |c 30 cm. | ||
| 336 | |a text |2 rdacontent | ||
| 337 | |a unmediated |2 rdamedia | ||
| 338 | |a volume |2 rdacarrier | ||
| 502 | |b M.Eng.Sc. |c Jabatan Kejuruteraan Awam, Fakulti Kejuruteraan, Universiti Malaya |d 2018. | ||
| 504 | |a Bibliography: leaves 107-117. | ||
| 530 | |a Also issued in CD. | ||
| 650 | 0 | |a Metal coating. | |
| 650 | 0 | |a Structural engineering. | |
| 650 | 0 | |a Fire resistant materials. | |
| 650 | 0 | |a Protective coatings. | |
| 650 | 0 | |a Palm oil. | |
| 710 | 2 | |a Universiti Malaya. |b Jabatan Kejuruteraan Awam, |e degree granting institution. | |
| 596 | |a 1 7 | ||
| 856 | 4 | 1 | |u http://studentsrepo.um.edu.my/9140/ |
| 900 | |a NSM AMA | ||
| 999 | |a TA7 UM 2018 SITASM |w LC |c 1 |i A516998282 |d 17/8/2018 |f 17/8/2018 |g 1 |l STACKS |m P01UTAMA |r Y |s Y |t TESIS |u 17/8/2018 |1 STEM | ||
| 999 | |a TA7 UM 2018 SITASM |w LC |c 1 |i A516563317 |f 10/1/2019 |g 1 |l STACKS |m P07JURUTER |r Y |s Y |t TESIS |u 10/1/2019 |1 STEM | ||
| 999 | |a TA7 UM 2018 SITASM |w LC |c 2 |i A516563303 |f 10/1/2019 |g 1 |l COUNTER |m P07JURUTER |r Y |s Y |t CD |u 10/1/2019 |1 STEM | ||
